000 00528nam a22002057a 4500
005 20240829113533.0
008 240806b |||||||| |||| 00| 0 eng d
020 _a9788197144578
_cRs.600.00
040 _aLoreto College
041 _aEnglish
082 _a327
_bNAH
100 _aNaha, Alik
245 _aWorld politics
_bTheories and concepts
_cAlik Naha
260 _aMemari
_bAvenel
_c2024
300 _a448p.
_b21cm.
650 _aInternational relations
650 _aWorld politics
850 _aLCLIB
942 _cBK
999 _c43848
_d94327